Majdanek

Titel: Majdanek : das Lubliner Konzentrationslager / Anna Wiśniewska ; Czesław Rajca. Dt. Übers.: Tomasz Kranz. Państwowe Muzeum na Majdanku
Verfasser:
Beteiligt:
Veröffentlicht: Lublin : Pánstwowe Muzeum na Majdanku, 1997
Umfang: 72 S. : Ill., graph. Darst., Kt. ; 21 cm
Format: Buch
Sprache: Deutsch
RVK-Notation:
Schlagworte:
ISBN: 8390222779
Buchumschlag
X
Lokale Klassifikation: 36 8 M 31
alg: 9284835
001A    $06000:26-07-00 
001B    $01999:18-10-24 $t18:51:40.000 
001C    $00030:10-04-15 $t17:59:56.000 
001D    $03004:29-06-01 
001U    $0utf8 
001X    $00 
002@    $0Aau 
003@    $0092848354 
003O    $038435839 $aOCoLC 
004A    $083-902227-7-9 $fgeh. 
006G    $0959315985 
006U    $000,B32,0899 
007A    $0959315985 $aDNB 
007T    $0Herdhh092848354 
007T    $0FBauInsta0004322 
010@    $ager 
011@    $a1997 $n1997 
015@    $00 
017A    $asf 
021A    $aMajdanek $ddas Lubliner Konzentrationslager $hAnna Wiśniewska ; Czesław Rajca. Dt. Übers.: Tomasz Kranz. Państwowe Muzeum na Majdanku 
028A    $D20231015 $Ecgwrk $8Wiśniewska, Anna$Z1940- [Tp3] $9460234854 
028B/01 $7119528886 $8Rajca, Czesław$Z1928-2016 [Tp1] $9087868504 
033A    $pLublin $nPánstwowe Muzeum na Majdanku 
034D    $a72 S. 
034I    $a21 cm 
034M    $aIll., graph. Darst., Kt. 
041A    $#KZ Majdanek $#obóz koncentracyjny Majdanek $74268005-0 $8Konzentrationslager Majdanek [Tb1] $9086433342 
041A/80 $i16.5 
041A/90 $hXA-DE $hXA-PL 
045E    $a63 
045R    $aGeschichte 
045Z    $8NQ 2360 [Tkv] $9410912263 

lok: 9284835 3
101B    $028-03-07 $t15:50:37.000 
101C    $022-11-02 
101U    $0utf8 
144Z/20 $aj02nov 
145S/01 $a039 
145S/06 $a770 
145Z/01 $a900 T 100 De 5267 Majdanek 

exp: 9284835 3 1 #EPN
201B/01 $028-03-07 $t15:50:37.000 
201C/01 $029-10-01 
201U/01 $0utf8 
203@/01 $0164541888 
208@/01 $a05-11-02 $bzAa 
209A/01 $a87.376.62 $du $f000 $h87 376 62 $x00 
209G/01 $a87376621 $x00 
247C/01 $8601000-3 <30>Frankfurt, Universitätsbibliothek J. C. Senckenberg, Zentralbibliothek (ZB) $9102598258 

lok: 9284835 24
101B    $004-12-02 $t15:24:21.236 
101C    $029-06-01 
145Z/01 $a36 8 M 31 
101U    $0utf8 

exp: 9284835 24 1 #EPN
201B/01 $019-12-02 $t22:21:41.364 
201C/01 $029-06-01 
203@/01 $0161391338 
208@/01 $a29-06-01 $bz 
209A/01 $a01.1825 $du $f050 $h01 1825 $x00 
209C/01 $a01.1825 T $h01 1825 T 
209G/01 $a70337460 $x00 
247C/01 $8358050-7 Marburg, Bibliothek des Herder-Instituts Marburg $9102600961 
201U/01 $0utf8 

lok: 9284835 66
101B    $016-03-23 $t10:58:22.000 
101C    $016-03-23 
101U    $0utf8 
144Z/03 $aKZ Majdanek 

exp: 9284835 66 1 #EPN
201B/01 $016-03-23 $t10:58:22.000 
201C/01 $016-03-23 
201U/01 $0utf8 
203@/01 $01229496106 
208@/01 $a16-03-23 $bz 
209A/01 $aG Majd/W-2 $du $f000 $x00 
209C/01 $a23/b298G 
247C/01 $8618123-5 Darmstadt, Bibliothek des Deutschen Polen-Instituts $9102600902 

lok: 9284835 78

exp: 9284835 78 1 #EPN
201B/01 $019-04-17 $t18:44:41.000 
201U/01 $0utf8 
203@/01 $0793114527 
208@/01 $a12-11-16 $be 
209A/01 $a/ $f000 $x00 
237A/01 $aweiterführende Signatur(en): Herder-Institut: 01.1825 
244Z/01 $2Trx $#Poola $#Lenkija $#Polija $#Polen Land $#Poland $#Lengyelország $#Poľsko $#Polsko $8--Trx--Polska$gkraj $x01 $9391345966 
244Z/01 $2Trx $8--Trx--Monographie $x02 $9391384546 
247C/01 $82080>Marburg/Lahn, Herder-Institut, Forschungsbibliothek, Bibliographieportal $9336309341 

lok: 9284835 106
101B    $012-09-18 $t18:04:43.000 
101C    $012-09-18 
101U    $0utf8 
144Z/01 $aMajdanek 
145Z/01 $aHolocaust/Vernichtungslager: Majdanek/Monographien 

exp: 9284835 106 1 #EPN
201B/01 $012-09-18 $t18:04:43.000 
201C/01 $012-09-18 
201U/01 $0utf8 
203@/01 $0102971729X 
208@/01 $a10-09-18 $br 
209A/01 $aH 09 mj m 8 $ds $f000 $hH 09 mj m 0008 $x00 
209C/01 $a04955 
247C/01 $82508>Frankfurt/M., Bibliothek des Fritz Bauer Instituts zur Geschichte und Wirkung des Holocaust $9403831741
LEADER 00000cam a2200000 c 4500
001 092848354
003 DE-603
005 20241018185140.0
007 tu
008 000726s1997 xx |||| | u00||u|ger
015 |a 00,B32,0899  |2 dnb 
016 7 |2 DE-101  |a 959315985 
020 |a 8390222779  |c geh. 
035 |a (DE-599)DNB959315985 
035 |a (OCoLC)38435839 
040 |a DE-603  |b ger  |c DE-603  |d DE-603 
041 |a ger 
043 |c XA-DE  |c XA-PL 
084 |a 63  |q DE-101  |2 sdnb 
084 |a NQ 2360  |0 (DE-625)128255:  |0 (DE-603)410912263  |2 rvk 
084 |a 16.5  |q DE-101  |2 sdnb 
090 |a b 
100 1 |a Wiśniewska, Anna  |d 1940-  |0 (DE-603)460234854  |0 (DE-588)1205406336  |2 gnd 
245 0 0 |a Majdanek  |b das Lubliner Konzentrationslager  |c Anna Wiśniewska ; Czesław Rajca. Dt. Übers.: Tomasz Kranz. Państwowe Muzeum na Majdanku 
264 1 |a Lublin  |b Pánstwowe Muzeum na Majdanku  |c 1997 
300 |a 72 S.  |b Ill., graph. Darst., Kt.  |c 21 cm 
610 1 7 |a Konzentrationslager Majdanek  |2 gnd  |0 (DE-588)4268005-0  |0 (DE-603)086433342 
648 7 |a Geschichte  |2 gnd 
700 1 |a Rajca, Czesław  |d 1928-2016  |0 (DE-603)087868504  |0 (DE-588)119528886  |2 gnd 
924 0 |9 30  |a (DE-603)164541888  |b DE-30  |c HES  |d c  |g 87.376.62 
924 0 |9 Mb 50  |a (DE-603)161391338  |b DE-Mb50  |c HES  |d c  |g 01.1825 
924 0 |9 Ds 123  |a (DE-603)1229496106  |b DE-Ds123  |c HES  |d d  |g G Majd/W-2 
924 0 |9 2080  |a (DE-603)793114527  |b DE-2080  |c HES  |d d  |g / 
924 0 |9 2508  |a (DE-603)102971729X  |b DE-2508  |c HES  |d d  |g H 09 mj m 8